Times da Liga Nacional de Futsal 2024 - Statistics

Estatísticas Gerais
  • Esse quiz foi jogado 73 vezes
  • A pontuação média é 15 de 24
Estatísticas das Respostas
Estado (UF) Clube % Correto
SP Corinthians
91%
SP Magnus (Sorocaba)
89%
SC Joinville
81%
PR Pato
79%
RS Carlos Barbosa
77%
SC Jaraguá
77%
RS Atlântico
74%
DF Brasília
72%
PR Cascavel
70%
MG Minas
70%
MG Praia Clube
68%
PR Marreco
66%
SC Blumenau
64%
PR Foz Cataratas
62%
PR Umuarama
57%
PR Campo Mourão
53%
SC Joaçaba
53%
SP Santo André
53%
SP São José
53%
RS Assoeva
51%
PR Esporte Futuro
51%
SC Tubarão
51%
SC São Lourenço
47%
SP Taubaté
36%
Nenhum quiz correspondente encontrado
Distribuição das Pontuações
Porcentagem de Pessoas com Cada Pontuação
Percentil de Números Respondidos
Sua Pontuação Histórica
Você não jogou esse quiz